| 000 | 00586aam a2200217 4500 | ||
|---|---|---|---|
| 005 | 20170203192004.0 | ||
| 008 | 150610b xxu||||| |||| 00| 0 spa d | ||
| 041 | _aEspañol | ||
| 082 |
_a972.86 _bG192c |
||
| 100 |
_aGamboa, Jaime _96876 |
||
| 100 |
_aRoss Lemus, Yazmín _91777 |
||
| 100 |
_aCapelli, Luciano _97706 |
||
| 245 | _aCafé de Costa Rica : el espíritu de una nación | ||
| 260 |
_aCosta Rica _bICFË _c2014 |
||
| 300 | _a312 páginas | ||
| 650 |
_aCOSTA RICA _937982 |
||
| 650 |
_aHISTORIA _943 |
||
| 650 |
_aCAFÉ _97708 |
||
| 650 |
_aPRODUCCIÓN _9706 |
||
| 942 | _cBK | ||
| 999 |
_c7907 _d7907 |
||